00946nam a2200229 i 4500001000700000003000900007005001700016008004100033020001800074080002000092100005500112245005000167250010200217260004500319300002200364490003900386700003600425830004700461852006600508999001900574952012300593173330ES-MaACL20250929063253.0091125s1984 fr |||| | fre d a2-85878-067-6 a821.133.1-4"16"1 aTristan L'Hermite, François, d1601-1655916857113aLa mort de Sénèque / cTristan L'Hermite. aEd. accompagnée d'extraits des "Annales" de Tacite narrant cet épisode de l'histoire romaine. aParis : bComédie-Française, c1984. a118 p. ; c21 cm.1 aLe Répertoire. Ed. dramaturgique1 aTácito, Cayo Cornelio91090520 aLe Répertoire. Ed. dramaturgique9189209 aES-MaACLjE-13240 z. - Biblioteca Jacinto Martínez Lacalle c173330d173330 00104070aATENEOMbATENEOMcDEPO2d2009-11-25eDONl0oE-13240p1181902r2023-02-23 00:00:00w2023-02-23yMONOGRAFIA